FOOD AND NUTRITION (Record no. 8698)

MARC details
000 -LEADER
fixed length control field 00278nam a22001337a 4500
003 - CONTROL NUMBER IDENTIFIER
control field SGT
082 ## - DEWEY DECIMAL CLASSIFICATION NUMBER
Classification number 612.3
Item number F16B
100 ## - MAIN ENTRY--PERSONAL NAME
Personal name BANSAL , SHRINANDA
245 ## - TITLE STATEMENT
Title FOOD AND NUTRITION
260 ## - PUBLICATION, DISTRIBUTION, ETC. (IMPRINT)
Place of publication, distribution, etc DELHI
Name of publisher, distributor, etc AITB PUB
Year of Publication 2016
300 ## - PAGE DESCRIPTION
No. of Pages 382
650 ## - SUBJECT ADDED ENTRY--TOPICAL TERM
Topical term or geographic name as entry element NUTRITION
942 ## - ADDED ENTRY ELEMENTS (KOHA)
Source of classification or shelving scheme Dewey Decimal Classification
Koha item type Books
942 ## - ADDED ENTRY ELEMENTS (KOHA)
-- 8
Holdings
Withdrawn status Lost status Source of classification or shelving scheme Damaged status Not for loan Collection code Home library Current library Shelving location Date acquired Vendor Name Cost, normal purchase price SGTU Bill Number Total Checkouts Full call number Accession No. (Barcode) Date last seen Date last borrowed Bill Date Koha item type
    Dewey Decimal Classification     AYURVEDA SGT FA-FP Library SGT FA-FP Library Text Book 01/04/2016 AHUJA 250.00 SGTU 6599 2 612.3 F16B FA4846 17/03/2017 02/03/2017 10/02/2016 Books
    Dewey Decimal Classification     AYURVEDA SGT FA-FP Library SGT FA-FP Library Text Book 01/04/2016 AHUJA 250.00 SGTU 6599 5 612.3 F16B FA4847 20/03/2025 04/03/2025 10/02/2016 Books
    Dewey Decimal Classification     AYURVEDA SGT FA-FP Library SGT FA-FP Library Text Book 01/04/2016 AHUJA 250.00 SGTU 6599   612.3 F16B FA4848 01/04/2016   10/02/2016 Books
    Dewey Decimal Classification     AYURVEDA SGT FA-FP Library SGT FA-FP Library Text Book 01/04/2016 AHUJA 250.00 SGTU 6599 4 612.3 F16B FA4849 11/04/2024 01/04/2024 10/02/2016 Books
    Dewey Decimal Classification     AYURVEDA SGT FA-FP Library SGT FA-FP Library Text Book 01/04/2016 AHUJA 250.00 SGTU 6599 10 612.3 F16B FA4850 12/03/2026 26/02/2026 10/02/2016 Books